[Event "Match"]
[Site "www.echecsemail.com"]
[Date "2015.09.22"]
[Round "1"]
[White "Coraza8091"]
[Black "Ruko"]
[WhiteElo "1659"]
[BlackElo "1980"]
[Result "0-1"]
[Round "1"]
1.e4 e5
2.Bf1c4 Ng8f6
3.d3 Nb8c6
4.Ng1f3 Bf8e7
5.Nf3g5 O-O
6.c3 d6
7.Qd1b3 Qd8e8
8.Bc1e3 Nc6a5
9.Qb3b4 Na5xc4
10.Qb4xc4 h6
11.Ng5f3 Bc8g4
12.Nf3d2 c6
13.d4 Bg4e6
14.d5 cxd5
15.Qc4b4 Qe8c6
16.O-O Nf6xe4
17.f3 Ne4xd2
18.Nb1xd2 Rf8c8
19.a4 e4
20.f4 a5
21.Qb4a3 Be7f6
22.f5 Be6d7
23.Rf1f4 Bf6g5
24.Rf4g4 Bg5xe3
25.Kh1 Be3xd2
26.Ra1f1 e3
27.Qa3a1 e2
28.Rf1g1 Rc8e8
29.Qa1b1 e1Q
30.Rg4d4 Qe1xb1
31.Rg1xb1 Re8e1
32.Rb1xe1 Bd2xe1
{ resign }
0-1

[Event "1/128 Finale"]
[Site "www.chess-mail.com"]
[Date "2015.09.22"]
[Round "1"]
[White "Alessiov"]
[Black "Jucatorul"]
[WhiteElo "1610"]
[BlackElo "1499"]
[Result "1-0"]
[Round "1"]
1.g3 d5
2.Ng1f3 Ng8f6
3.c4 c6
4.b3 Bc8f5
5.Bf1g2 e6
6.Bc1b2 Nb8d7
7.O-O Bf8d6
8.d3 Qd8c7
9.Nb1a3 h5
10.Qd1d2 O-O-O
11.cxd5 exd5
12.Na3b5 Qc7b8
13.Rf1c1 Bd6c7
14.Nf3d4 Bf5e6
15.Rc1xc6 bxc6
16.Nd4xc6 Qb8b6
17.Bb2d4  { time }
1-0

[Event "Eq:Clubul Central de Sah-Slap Shot Mates : "]
[Site "www.chess-mail.com"]
[Date "2015.09.22"]
[Round "1"]
[White "Rocadamare"]
[Black "Sebolix"]
[WhiteElo "2640"]
[BlackElo "2660"]
[Result "1/2-1/2"]
[Round "1"]
1.e4 e6
2.d4 d5
3.Nb1c3 Ng8f6
4.Bc1g5 Bf8b4
5.e5 h6
6.exf6 hxg5
7.fxg7 Rh8g8
8.a3 Bb4d6
9.h4 gxh4
10.Qd1g4 Nb8c6
11.O-O-O Qd8f6
12.Qg4xh4 Qf6xh4
13.Rh1xh4 Bc8d7
14.Rh4h7 Bd6e7
15.Ng1f3 Be7f6
16.Nc3e2 Ke7
17.g3 Rg8xg7
18.Rh7h2 Rg7g4
19.Ne2f4 Ra8h8
20.Rh2xh8 Bf6xh8
21.c4 dxc4
22.Bf1xc4 Nc6a5
23.Bc4a2 Bd7a4
{ draw }
1/2-1/2

[Event "Tourn. n8316"]
[Site "www.chess-mail.com"]
[Date "2015.09.23"]
[Round "1"]
[White "Llcervello"]
[Black "Roserl"]
[WhiteElo "1630"]
[BlackElo "1900"]
[Result "0-1"]
[Round "1"]
1.e4 c5
2.c4 Nb8c6
3.Ng1f3 d6
4.d3 g6
5.h3 Bf8g7
6.g4 Ng8f6
7.Qd1a4 O-O
8.Bc1g5 Bc8d7
9.Qa4b5 Qd8c7
10.Nb1c3 a6
11.Qb5b3 Ra8b8
12.Nc3a4 b5
13.Na4c3 Nc6a5
14.Qb3c2 e6
15.Bg5xf6 Bg7xf6
16.O-O-O b4
17.Nc3e2 Na5c6
18.g5 Bf6g7
19.h4 f6
20.Bf1h3 b3
21.axb3 Nc6b4
22.Qc2b1 a5
23.d4 cxd4
24.Nf3xd4 Rf8e8
25.Ne2f4 f5
26.exf5 exf5
27.Rh1e1 d5
28.Nd4e6 Bd7xe6
29.Nf4xe6 Qc7h2
30.Ne6c7 Re8xe1
31.Rd1xe1 dxc4
32.Re1e8 Rb8xe8
33.Kd2 Re8d8
34.Ke2 Qh2xh3
35.f3 Qh3h2
{ resign }
0-1

[Event "Tourn. n8369"]
[Site "www.chess-mail.com"]
[Date "2015.09.23"]
[Round "1"]
[White "Libiesse"]
[Black "Luban"]
[WhiteElo "2140"]
[BlackElo "2070"]
[Result "1-0"]
[Round "1"]
1.d4 d5
2.c4 e6
3.Ng1f3 Ng8f6
4.Bc1g5 h6
5.Bg5h4 Bf8e7
6.cxd5 exd5
7.Nb1c3 c6
8.e3 Bc8g4
9.Bf1e2 Bg4xf3
10.Be2xf3 Nb8a6
11.O-O Na6c7
12.Rf1e1 O-O
13.a3 Nc7e6
14.Ra1c1 Ra8c8
15.b4 Ne6g5
16.Bh4xg5 hxg5
17.Nc3a4 g4
18.Bf3xg4 Nf6xg4
19.Qd1xg4 g6
20.Na4c5 Be7xc5
21.Rc1xc5 Qd8f6
22.b5 b6
23.Rc5c2 c5
24.dxc5 Rc8xc5
25.Rc2xc5 bxc5
26.Qg4d7 Qf6c3
27.Re1d1 Qc3xa3
28.Qd7xd5 Qa3b4
29.Qd5c6 Kg7
30.Rd1c1 Rf8d8
31.g3 { resign }
1-0

[Event "Tourn. n8395"]
[Site "www.chess-mail.com"]
[Date "2015.09.23"]
[Round "1"]
[White "Norlavuaram"]
[Black "Culiflori"]
[WhiteElo "2100"]
[BlackElo "2050"]
[Result "1-0"]
[Round "1"]
1.e4 e5
2.Ng1f3 Nb8c6
3.Bf1b5 a6
4.Bb5a4 Ng8f6
5.O-O Bf8e7
6.Rf1e1 b5
7.Ba4b3 O-O
8.c3 d6
9.h3 Nc6a5
10.Bb3c2 c5
11.d4 Qd8c7
12.Nb1d2 Rf8e8
13.Nd2f1 Be7f8
14.g4 g6
15.Nf1g3 Bf8g7
16.Qd1e2 Na5b7
17.Bc1g5 Bc8d7
18.Ra1d1 Ra8c8
19.dxe5 dxe5
20.Qe2e3 Nb7d6
21.b3 c4
22.b4 Bd7c6
23.Qe3c5 Rc8d8
24.Nf3xe5 { resign }
1-0

[Event "Tourn. n8403"]
[Site "www.chess-mail.com"]
[Date "2015.09.23"]
[Round "1"]
[White "Mitja"]
[Black "Bojan"]
[WhiteElo "1960"]
[BlackElo "1940"]
[Result "0-1"]
[Round "1"]
1.g3 c6
2.Bf1g2 Qd8b6
3.Ng1f3 d6
4.e3 e5
5.d3 Bf8e7
6.e4 Bc8e6
7.Nb1c3 Nb8d7
8.Qd1e2 Ng8f6
9.h3 h6
10.Nc3a4 Qb6a5
11.Na4c3 Nd7b6
12.Bc1d2 Qa5a6
13.b3 d5
14.exd5 Nb6xd5
15.Nc3xd5 Nf6xd5
16.a4 f6
17.Nf3h4 Be6f7
18.Nh4f5 Be7f8
19.Nf5e3 Qa6b6
20.Ne3xd5 cxd5
21.O-O Qb6c7
22.Rf1e1 Qc7xc2
23.Ra1b1 Bf8a3
24.d4 e4
25.Qe2b5 Qc2c6
26.Qb5xc6 bxc6
27.b4 a5
28.Rb1b3 axb4
29.Bd2xb4 Ba3xb4
30.Rb3xb4 O-O
31.Re1a1 Ra8a5
32.Bg2f1 Rf8c8
33.Kg2 Bf7e8
34.g4 c5
35.dxc5 Rc8xc5
36.Rb4b8 Kf7
37.Rb8b7 Kg6
38.h4 Be8xa4
39.Rb7e7 Ba4c2
40.Ra1e1 Ra5a3
41.Re1e3 Ra3xe3
42.fxe3 Bc2d3
43.Bf1xd3 exd3
44.Kf2 Rc5c1
{ resign }
0-1

[Event "Tourn. n8387"]
[Site "www.chess-mail.com"]
[Date "2015.09.23"]
[Round "1"]
[White "Caspito"]
[Black "Nugun"]
[WhiteElo "1740"]
[BlackElo "1700"]
[Result "1-0"]
[Round "1"]
1.e4 c6
2.d4 d5
3.e5 e6
4.Ng1f3 Nb8d7
5.Bf1e2 c5
6.c3 c4
7.Nf3g5 f6
8.Ng5xe6  { time }
1-0

[Event "Tourn. n8364"]
[Site "www.chess-mail.com"]
[Date "2015.09.23"]
[Round "1"]
[White "Alvarin111"]
[Black "Neo"]
[WhiteElo "1880"]
[BlackElo "1780"]
[Result "1-0"]
[Round "1"]
1.e4 e5
2.Ng1f3 d6
3.Bf1c4 b6
4.d4 f6
5.dxe5 fxe5
6.Bc1g5 Ng8e7
7.Nf3h4 Bc8b7
8.Nb1c3 Nb8c6
9.Qd1h5 g6
10.Bg5xe7 Bf8xe7
11.Nh4xg6 hxg6
12.Qh5xh8 Be7f8
13.Qh8h7 Qd8f6
14.Qh7xc7 Nc6a5
15.Bc4b5 Na5c6
16.Bb5xc6 Bb7xc6
17.Qc7xc6 Kf7
18.Qc6xa8 a5
19.Nc3d5 Qf6e6
20.O-O Kg8
21.Nd5xb6 d5
22.Qa8xd5 Qe6xd5
23.exd5 e4
24.Rf1e1 Bf8g7
25.c3 { resign }
1-0

[Event "Tourn. n8391"]
[Site "www.chess-mail.com"]
[Date "2015.09.23"]
[Round "1"]
[White "Fred"]
[Black "Mitja"]
[WhiteElo "1950"]
[BlackElo "1890"]
[Result "0-1"]
[Round "1"]
1.e4 d5
2.e5 a6
3.f4 Nb8c6
4.d4 Bc8f5
5.Ng1f3 h6
6.Bf1d3 Bf5xd3
7.Qd1xd3 e6
8.O-O Ng8e7
9.Bc1e3 Ne7f5
10.c3 Nf5xe3
11.Qd3xe3 Nc6e7
12.Nb1d2 Ne7f5
13.Qe3f2 c6
14.b4 g5
15.fxg5 hxg5
16.a4 g4
17.Nf3e1 Bf8h6
18.Ne1c2 Bh6xd2
19.Qf2xd2 Qd8h4
20.Qd2f4 Qh4h5
21.Nc2e3 Nf5xe3
22.Qf4xe3 Qh5xh2
23.Kf2 Qh2h7
24.Ke1 O-O-O
25.Kd2 Rd8f8
26.Kc1 Qh7g7
27.Kb2 Kd7
28.Ra1e1 Rh8h2
29.Re1e2 Rf8h8
30.Re2f2 Ke8
31.Qe3f4 Rh8h7
32.Qf4g3 Qg7g6
33.Rf2xf7 Rh7xf7
34.Rf1xf7 Rh2xg2
35.Qg3xg2 Kxf7
36.Qg2g3 Qg6e4
37.Qg3f2 Qe4f3
38.Qf2h4 Qf3f5
39.Kc1 Kg6
40.Kd2 Qf5f4
41.Ke1 Qf4f3
42.Qh4f6 Qf3xf6
43.exf6 Kxf6
44.Kf2 Kf5
45.Ke3 g3
46.Kf3 g2
47.Kxg2 Ke4
48.Kg3 Kd3
49.Kf4 Kxc3
50.Ke5 Kxb4
51.Kxe6 Kxa4
52.Kd6 Kb5
53.Kc7 a5
{ resign }
0-1

[Event "Tourn. n8332"]
[Site "www.chess-mail.com"]
[Date "2015.09.23"]
[Round "1"]
[White "Odin"]
[Black "Orae"]
[WhiteElo "1830"]
[BlackElo "1940"]
[Result "0-1"]
[Round "1"]
1.d4 d5
2.c4 dxc4
3.Qd1a4 Nb8c6
4.Bc1e3 Bc8d7
5.Qa4d1 e5
6.d5 Bf8b4
7.Be3d2 Bb4xd2
8.Qd1xd2 Nc6d4
9.e4 Bd7a4
10.Nb1c3 Qd8d7
11.Ng1e2 Nd4c2
12.Kd1 Nc2xa1
13.Kc1 Na1c2
14.Nc3xa4 Qd7xa4
15.Qd2xc2 Qa4xa2
16.Ne2c3 Qa2a1
17.Nc3b1 b5
18.g3 Ng8f6
19.f3 O-O
20.Bf1g2 Qa1a5
21.h4 Qa5b6
22.Nb1c3 a5
23.g4 Rf8d8
24.h5 Qb6e3
25.Kb1 a4
26.Nc3xb5 c6
27.Nb5c7 Ra8a7
28.Qc2xc4 Ra7xc7
29.Rh1d1 a3
30.d6 Rc7d7
31.bxa3 Qe3xa3
32.Kc2 Rd7xd6
33.g5 Rd6xd1
{ resign }
0-1

[Event "Tourn. n8386"]
[Site "www.chess-mail.com"]
[Date "2015.09.23"]
[Round "1"]
[White "Bojan"]
[Black "Amaya"]
[WhiteElo "1910"]
[BlackElo "1990"]
[Result "1/2-1/2"]
[Round "1"]
1.e4 e6
2.d4 d5
3.exd5 exd5
4.c4 Ng8f6
5.Nb1c3 Bf8b4
6.Qd1a4 Nb8c6
7.Bc1d2 Bb4xc3
8.Bd2xc3 Bc8d7
9.Qa4b3 dxc4
10.Bf1xc4 O-O
11.O-O-O Nf6e4
12.Qb3c2 Qd8g5
13.f4 Qg5xf4
14.Kb1 Ne4d6
15.Bc4d3 Bd7f5
16.Rd1f1 Bf5xd3
17.Rf1xf4 Bd3xc2
18.Kxc2 Nd6b5
19.Ng1e2 Rf8e8
20.Ne2g3 Nc6e7
21.Bc3b4 Ne7d5
22.Rh1f1 Nd5xf4
23.Rf1xf4 Ra8d8
24.Kd3 Re8e1
25.Bb4xe1 g5
26.Rf4g4 h6
27.Be1f2 c5
28.Ng3f5 Kh7
29.Kc4 Kg6
30.Nf5xh6 Nb5d6
31.Kxc5 b6
32.Kc6 Kxh6
33.Bf2e3 f6
34.Rg4g3 Nd6f5
35.Rg3f3 Nf5xe3
36.Rf3xe3 Rd8xd4
37.Re3e2 f5
38.Kb7 Rd4d7
39.Kc6 Rd7g7
40.a4 f4
41.g4 Rg7f7
42.Kd6 f3
43.Re2f2 Rf7f4
44.b3 a6
45.Kc6 b5
46.axb5 axb5
47.Kxb5 Kg6
48.Kc5 Kf6
49.Kd5 Ke7
50.Ke5 Kf7
51.h4 Kg6
52.h5 Kh6
53.Kd5 Rf4xg4
54.Rf2xf3 Kxh5
55.Ke5 Rg4b4
56.Rf3h3 Kg4
57.Rh3c3 Kh4
58.Rc3c4 { draw }
1/2-1/2

[Event "Match"]
[Site "www.echecsemail.com"]
[Date "2015.09.23"]
[Round "1"]
[White "Acucar1"]
[Black "Norbos"]
[WhiteElo "1460"]
[BlackElo "1600"]
[Result "1-0"]
[Round "1"]
1.e4 e5
2.Ng1f3 Nb8c6
3.Nb1c3 Ng8f6
4.Bf1c4 a6
5.Nc3e2 Nf6xe4
6.d3 Ne4c5
7.Bc1e3  { time }
1-0

[Event "Match"]
[Site "www.echecsemail.com"]
[Date "2015.09.23"]
[Round "1"]
[White "Pinehill"]
[Black "Flick"]
[WhiteElo "1980"]
[BlackElo "1870"]
[Result "0-1"]
[Round "1"]
1.e4 e5
2.d4 exd4
3.c3 dxc3
4.Bf1c4 Nb8c6
5.Ng1f3 Bf8e7
6.Qd1b3 d5
7.Bc4xd5 Bc8e6
8.Nb1xc3 Ng8f6
9.Bd5xe6 fxe6
10.Qb3xe6 Qd8d6
11.Nf3g5 h6
12.Qe6xd6 Be7xd6
13.Ng5e6 Nf6h5
14.Nc3d5 Ra8c8
15.O-O Nc6d8
16.g4 Nd8xe6
17.gxh5 Ne6g5
18.Bc1xg5 hxg5
19.Ra1e1 Rh8xh5
20.f4 c6
21.Nd5e3 gxf4
22.Ne3g4 Kd7
23.Re1d1 Kc7
24.e5 Bd6c5
25.Kg2 Rc8e8
26.Rf1xf4 Re8e7
27.b4 Bc5b6
28.e6 Re7xe6
29.Rf4f7 Kc8
30.Rf7xg7 Rh5h8
31.Rd1d7 Re6e1
32.Kf3 Rh8f8
33.Kg2 Re1g1
34.Kh3 Rf8f3
35.Kh4 Bb6d8
36.Rd7xd8 Kxd8
37.Rg7xb7 Rf3a3
38.Ng4e5 Ra3xa2
39.Ne5xc6 Kc8
40.Rb7xa7 Ra2xh2
{ resign }
0-1

[Event "Match"]
[Site "www.echecsemail.com"]
[Date "2015.09.23"]
[Round "1"]
[White "Daquata"]
[Black "Billyg"]
[WhiteElo "1660"]
[BlackElo "1660"]
[Result "1-0"]
[Round "1"]
1.e4 e5
2.Ng1f3 d6
3.d4 Qd8e7
4.Nb1c3 c6
5.Bf1e2 Nb8d7
6.O-O b5
7.dxe5 dxe5
8.Bc1g5 f6
9.Bg5h4 Bc8b7
10.Qd1d2 O-O-O
11.Qd2e3 g5
12.Bh4g3 Nd7b6
13.Rf1d1 Rd8xd1
14.Ra1xd1 Ng8h6
15.Nf3d2 b4
16.Nc3b1 f5
17.exf5 Nh6xf5
18.Qe3xe5 Nf5xg3
19.Be2g4 Nb6d7
20.Bg4xd7 Kxd7
21.Nd2f3 Ke8
22.Qe5xh8 Ng3e2
23.Kh1 c5
24.Qh8e5 Qe7xe5
25.Nf3xe5 Ne2f4
26.f3 Bf8g7
27.Ne5c4 Bg7f8
28.Nc4d6 Bf8xd6
29.Rd1xd6 g4
30.Rd6f6 Nf4d5
31.Rf6h6 Nd5e3
32.Rh6xh7 Bb7d5
33.c3 gxf3
34.gxf3 Bd5xf3
35.Kg1 bxc3
36.Nb1xc3 Bf3g4
37.Rh7xa7 Kd8
38.a4 Ne3c4
39.b3 Nc4d2
40.Ra7b7 Bg4e6
41.a5 Nd2xb3
42.a6 Be6c8
43.Rb7xb3 Bc8xa6
44.h4 c4
45.Rb3b6 Ba6c8
46.Rb6c6 { resign }
1-0

[Event "Match"]
[Site "www.echecsemail.com"]
[Date "2015.09.23"]
[Round "1"]
[White "Pare123"]
[Black "Tbsundar"]
[WhiteElo "2010"]
[BlackElo "2070"]
[Result "1-0"]
[Round "1"]
1.c4 e5
2.a3 c5
3.Nb1c3 Nb8c6
4.e3 Ng8f6
5.Ng1f3 Bf8e7
6.Bf1e2 d6
7.O-O O-O
8.Rf1e1 Bc8g4
9.h3 Bg4h5
10.Nf3h2 Bh5xe2
11.Nc3xe2 a6
12.d4 b6
13.d5 Nc6b8
14.Ne2g3 Rf8e8
15.f4 Nb8d7
16.f5 Qd8c7
17.e4 b5
18.b3 Nd7b6
19.Qd1e2 bxc4
20.bxc4 Qc7d7
21.Bc1g5 Qd7a4
22.Re1c1 Nf6xd5
23.cxd5 Be7xg5
24.Qe2g4 Bg5xc1
25.f6 Bc1h6
26.Ng3f5 g6
27.Nf5xh6 Kf8
28.Qg4h4 Qa4d4
29.Kf1 Qd4xa1
30.Kf2 Qa1b2
31.Kg3 Qb2d2
32.Nh2f3 Nb6d7
33.Nf3xd2 Re8b8
34.Nh6g4 h5
35.Ng4e3 Rb8b2
36.Nd2c4 Rb2b3
37.Qh4g5 Ke8
38.Nc4xd6 Kd8
39.Nd6xf7 Kc7
40.Kh2 Ra8f8
41.Nf7xe5 Nd7xf6
42.Ne5xg6 Rf8g8
43.Qg5e5 Kb7
44.Qe5xf6 Rg8xg6
45.Qf6xg6 Rb3xe3
46.Qg6c6 Kb8
47.Qc6xc5 Re3b3
48.d6 h4
49.d7 Rb3d3
50.Qc5c8 Ka7
51.d8Q  { time }
1-0

[Event "Match"]
[Site "www.echecsemail.com"]
[Date "2015.09.23"]
[Round "1"]
[White "Bibliophile"]
[Black "Huw"]
[WhiteElo "1499"]
[BlackElo "999"]
[Result "0-1"]
[Round "1"]
1.c3 e5
2.b4 d5
3.g3 Ng8f6
4.e3 Bf8e7
5.Bf1b5 c6
6.Bb5d3 e4
7.Bd3f1 Bc8g4
8.f3 exf3
9.d4 f2
10.Kxf2 Bg4xd1
11.Nb1d2 Qd8d7
12.Bc1b2 Qd7f5
13.Ke1 Bd1a4
14.Nd2f3 Nf6g4
15.Bf1h3 h5
 { time }
0-1

[Event "Match"]
[Site "www.echecsemail.com"]
[Date "2015.09.23"]
[Round "1"]
[White "Ranjachess"]
[Black "Rindrandria"]
[WhiteElo "1730"]
[BlackElo "1580"]
[Result "1-0"]
[Round "1"]
1.e4 d6
2.Nb1c3 a6
3.Bf1c4 c6
4.Qd1f3 f6
5.Bc4xg8 Rh8xg8
6.Qf3h5 g6
7.Qh5xh7 Rg8g7
8.Qh7h8 Bc8e6
9.d4 Qd8a5
10.Bc1d2 Qa5b4
11.O-O-O Rg7g8
12.Qh8h4 Qb4xd4
13.Ng1f3 Qd4b6
14.g4 g5
15.Qh4g3 Nb8d7
16.Bd2e3 c5
17.h4 Qb6c6
18.hxg5 b5
19.b3 Bf8g7
20.g6 f5
21.gxf5 Be6xb3
22.cxb3 Bg7xc3
23.Nf3g5 c4
24.Be3c5 Qc6xc5
25.Qg3xc3 Qc5xf2
26.Ng5f7 Qf2xa2
27.Rh1h8 Rg8xh8
28.Qc3xh8 Nd7f8
29.Qh8b2 cxb3
30.Qb2xa2 bxa2
31.Kb2 Nf8d7
32.Rd1h1 Ra8a7
33.Rh1h8 Nd7f8
34.g7 { resign }
1-0

[Event "Match"]
[Site "www.echecsemail.com"]
[Date "2015.09.23"]
[Round "1"]
[White "Tictac"]
[Black "Paco"]
[WhiteElo "1499"]
[BlackElo "1860"]
[Result "1-0"]
[Round "1"]
1.d4 d5
2.c4 dxc4
3.Ng1f3 Bc8f5
4.Nb1c3 e6
5.e4 Bf5g4
6.Bc1e3 Bf8b4
7.Qd1a4 Nb8c6
8.Nf3e5 Bb4xc3
9.bxc3 Ng8f6
10.Be3g5 O-O
11.Ne5xg4 a6
12.Qa4d1 Qd8d7
13.Ng4xf6 gxf6
14.Bg5xf6 h6
15.Qd1g4 { resign }
1-0

[Event "Match"]
[Site "www.echecsemail.com"]
[Date "2015.09.23"]
[Round "1"]
[White "Fres"]
[Black "Billyg"]
[WhiteElo "1339"]
[BlackElo "1630"]
[Result "0-1"]
[Round "1"]
1.d4 d6
2.e4 Nb8c6
3.Bf1b5 Bc8d7
4.Ng1f3 a6
5.Bb5e2 e5
6.O-O Bd7g4
7.d5 Nc6d4
8.Nf3xd4 Bg4xe2
9.Nd4xe2 c6
10.c4 c5
11.f4 Ng8f6
12.Nb1c3 Nf6g4
13.fxe5 Ng4xe5
14.Bc1f4 Ne5xc4
15.Ra1b1 g5
16.Bf4g3 b5
17.Ne2c1 Nc4e3
18.Qd1f3 Ne3xf1
 { time }
0-1

[Event "Match"]
[Site "www.echecsemail.com"]
[Date "2015.09.23"]
[Round "1"]
[White "Dmitchell"]
[Black "Andrejs"]
[WhiteElo "1499"]
[BlackElo "1499"]
[Result "0-1"]
[Round "1"]
1.e4 e6
2.Ng1f3 d5
3.e5 c5
4.Bf1b5 Nb8c6
5.d3 Bc8d7
6.a4 Ng8e7
7.Qd1d2 Ne7g6
8.b3 Nc6xe5
9.Nf3xe5 Ng6xe5
10.Qd2e2 Ne5c6
11.Nb1c3 Bf8e7
12.Bc1e3 d4
13.Be3h6 gxh6
14.Nc3e4 Qd8c7
15.Qe2g4 O-O-O
16.Qg4g7 f5
17.Qg7xh6 fxe4
18.dxe4 Nc6b4
19.O-O Rd8g8
{ resign }
0-1

[Event "Match"]
[Site "www.echecsemail.com"]
[Date "2015.09.23"]
[Round "1"]
[White "Iulia92"]
[Black "Fkarpov"]
[WhiteElo "1809"]
[BlackElo "2100"]
[Result "1/2-1/2"]
[Round "1"]
1.d4 Ng8f6
2.c4 e6
3.Ng1f3 Bf8e7
4.Nb1c3 O-O
5.e4 Be7b4
6.e5 Bb4xc3
7.bxc3 Nf6e8
8.Bf1d3 g6
9.Bc1g5 f6
10.Bg5h6 { draw }
1/2-1/2

[Event "Match"]
[Site "www.echecsemail.com"]
[Date "2015.09.23"]
[Round "1"]
[White "Manolinex"]
[Black "Conde7"]
[WhiteElo "2800"]
[BlackElo "2880"]
[Result "1-0"]
[Round "1"]
1.e4 c5
2.Ng1f3 d6
3.d4 cxd4
4.Nf3xd4 Ng8f6
5.Nb1c3 a6
6.g3 e5
7.Nd4e2 Bf8e7
8.Bf1g2 h5
9.Bc1g5 Bc8e6
10.O-O O-O
11.Qd1d2 b5
12.Bg5xf6 Be7xf6
13.h4 g6
14.f4 b4
15.Nc3d1 Be6g4
16.Nd1e3 Nb8d7
17.f5 g5
18.Bg2f3 Bg4xf3
19.Rf1xf3 Nd7c5
20.Qd2xb4 Ra8b8
21.Qb4c4 Rb8xb2
22.Ne2c3 Kg7
23.Nc3d5 g4
24.Rf3f2 Qd8a5
25.Nd5xf6 Kxf6
26.Ra1d1 Qa5a3
27.Qc4e2 Ke7
28.f6 Kd7
29.Rd1xd6 Kc7
30.Rd6d5 Kb8
31.Rf2f5 Rf8e8
32.Rf5xe5 Rb2b1
33.Kg2 Re8xe5
34.Rd5xe5 Qa3c1
35.Ne3f1 Nc5e6
36.Re5xh5 { resign }
1-0

[Event "Match"]
[Site "www.echecsemail.com"]
[Date "2015.09.23"]
[Round "1"]
[White "Raulazo"]
[Black "Karlgrocer"]
[WhiteElo "1980"]
[BlackElo "1960"]
[Result "0-1"]
[Round "1"]
1.e4 c5
2.Ng1f3 Nb8c6
3.Bf1c4 e6
4.d3 Bf8e7
5.Nb1c3 Ng8f6
6.Bc1e3 O-O
7.Qd1d2 a6
8.O-O-O b5
9.Bc4b3 b4
10.Nc3b1 a5
11.h4 a4
12.Bb3c4 a3
13.b3 d5
14.exd5 exd5
15.Bc4b5 Bc8d7
16.h5 d4
17.Be3f4 Nf6d5
18.Bb5xc6 Bd7xc6
19.h6 g6
20.Bf4e5 Be7f6
21.Qd2e1 Bf6g5
22.Nb1d2 Nd5c3
23.Be5g7 Rf8e8
24.Qe1f1 Nc3xa2
25.Kb1 Na2c3
26.Ka1 Nc3xd1
27.Qf1xd1 Bg5f6
28.Qd1g1 Ra8a7
29.Bg7xf6 Qd8xf6
30.Nf3h2 Qf6g5
31.f3 Qg5xd2
32.Qg1c1 Qd2c3
33.Ka2 Re8e2
34.Qc1f4 Re2xc2
{ resign }
0-1

[Event "1/128 Finale"]
[Site "www.chess-mail.com"]
[Date "2015.09.23"]
[Round "1"]
[White "Stepdedalus"]
[Black "Traub"]
[WhiteElo "1499"]
[BlackElo "1770"]
[Result "0-1"]
[Round "1"]
1.d4 d5
2.Ng1f3 Ng8f6
3.e3 e6
4.Bf1d3 c5
5.b3 b6
6.Bc1b2 Bc8b7
7.Nb1d2 Qd8c7
 { time }
0-1

[Event "Tourn. n8334"]
[Site "www.chess-mail.com"]
[Date "2015.09.24"]
[Round "1"]
[White "Luban"]
[Black "Amaya"]
[WhiteElo "2090"]
[BlackElo "1900"]
[Result "1-0"]
[Round "1"]
1.d4 d5
2.Ng1f3 Ng8f6
3.e3 Bc8g4
4.c4 e6
5.a3 Bf8e7
6.Nb1c3 O-O
7.Bf1d3 Nb8c6
8.O-O a6
9.cxd5 Nf6xd5
10.e4 Nd5b6
11.d5 exd5
12.exd5 Nc6d4
13.Bd3e2 Nd4xe2
14.Qd1xe2 Be7f6
15.Bc1e3 Bf6xc3
16.Be3xb6 Bg4xf3
17.Qe2xf3 Bc3xb2
18.Ra1a2 cxb6
19.Ra2xb2 b5
20.Rf1e1 Qd8d6
21.Rb2e2 Ra8c8
22.g3 h6
23.Re2e7 Rc8c7
24.Re7e8 g6
25.Re8e5 Rc7c5
26.Qf3e3 Rc5xd5
27.Re5xd5 Qd6xd5
28.Qe3xh6 Qd5d4
29.Re1e3 Rf8c8
30.Re3e7 Qd4d5
31.Qh6e3 Kf8
32.Re7e5 Qd5d7
33.Qe3h6 Kg8
34.Re5e1 Rc8c5
35.h4 Rc5h5
36.Qh6f4 Rh5d5
37.Qf4f6 Rd5f5
38.Qf6c3 b6
39.Re1e3 Rf5c5
40.Qc3e1 Rc5d5
41.Re3e8 Kg7
42.Qe1c3 f6
43.Re8c8 Qd7e6
44.Rc8c6 Qe6f5
45.Rc6xb6 Rd5c5
46.Qc3e3 g5
47.Rb6b7 Kg6
48.Qe3e8 Kh6
49.Qe8h8 { resign }
1-0

[Event "Tourn. n8367"]
[Site "www.chess-mail.com"]
[Date "2015.09.24"]
[Round "1"]
[White "Falcoale"]
[Black "Culiflori"]
[WhiteElo "1940"]
[BlackElo "1960"]
[Result "0-1"]
[Round "1"]
1.e4 e5
2.Ng1f3 Nb8c6
3.Bf1c4 Bf8c5
4.O-O Ng8f6
5.d3 d6
6.Bc1g5 Bc8g4
7.h3 Bg4h5
8.Nb1d2 O-O
9.a3 h6
10.Bg5h4 Rf8e8
11.Qd1c1 a6
12.b4 Bc5b6
13.Nf3h2 Nc6d4
14.Rf1e1 c6
15.Kh1 d5
16.exd5 cxd5
17.Bc4a2 Ra8c8
18.c3 Nd4e2
19.Qc1b2 Ne2xc3
20.Nd2f3 Qd8d6
21.Bh4g3 Bh5xf3
22.Nh2xf3 Qd6c6
23.Bg3xe5 Nc3b5
24.Ra1c1 Qc6d7
25.Be5xf6 gxf6
26.Qb2xf6 Bb6xf2
27.Re1xe8 Rc8xe8
28.Qf6xh6 Bf2e3
29.Qh6h5 Be3xc1
30.d4 Nb5c3
31.Nf3e5 Re8xe5
32.Qh5xe5 Nc3xa2
33.Qe5b8 Kh7
34.Qb8e5 Qd7e6
35.Qe5h5 Bc1h6
36.Qh5f3 Qe6g6
37.Qf3b3 Na2c1
38.Qb3xd5 Qg6e6
{ resign }
0-1

[Event "Tourn. n8397"]
[Site "www.chess-mail.com"]
[Date "2015.09.24"]
[Round "1"]
[White "Attatroll"]
[Black "Bojan"]
[WhiteElo "1920"]
[BlackElo "1940"]
[Result "1-0"]
[Round "1"]
1.e4 e5
2.Ng1f3 Nb8c6
3.d4 exd4
4.Bf1c4 h6
5.O-O Bf8c5
6.c3 dxc3
7.Qd1b3 c2
8.Bc4xf7 Kf8
9.Nb1c3 Qd8f6
10.Bf7xg8 Rh8xg8
11.Nc3d5 Qf6d8
12.Qb3xc2 b6
13.Bc1f4 d6
14.a3 Bc8g4
15.b4 Bg4xf3
16.bxc5 Nc6d4
17.Qc2d3 Nd4e2
18.Kh1 Bf3xg2
19.Kxg2 Ne2xf4
20.Nd5xf4 Qd8d7
21.Nf4g6 Ke8
22.cxd6 cxd6
23.Ra1c1 Kd8
24.Rf1d1 Qd7g4
25.Qd3g3 Qg4xg3
26.hxg3 Kd7
27.e5 Ke6
28.exd6 Rg8d8
29.Ng6f4 Kd7
30.Nf4d5 Kxd6
31.Nd5xb6 { resign }
1-0

[Event "Tourn. n8395"]
[Site "www.chess-mail.com"]
[Date "2015.09.24"]
[Round "1"]
[White "Ffdd65"]
[Black "Culiflori"]
[WhiteElo "2240"]
[BlackElo "2050"]
[Result "0-1"]
[Round "1"]
1.e4 c5
2.c3 Nb8c6
3.Bf1b5 d6
4.Bb5xc6 bxc6
5.d4 cxd4
6.cxd4 g6
7.Bc1e3 Bf8g7
8.Nb1c3 e5
9.d5 Bc8d7
10.Ng1f3 Ng8f6
11.Nf3g5 O-O
12.h3 h6
13.Ng5f3 Qd8a5
14.O-O Qa5b4
15.Qd1b3 Rf8b8
16.Nf3d2 a5
17.Qb3xb4 axb4
18.Nc3e2 cxd5
19.f3 dxe4
20.Nd2xe4 Nf6xe4
21.fxe4 Bd7c6
22.Ne2g3 b3
23.a3 Ra8a4
24.Ra1d1 Bg7f8
25.Rf1f3 Bc6xe4
26.Ng3xe4 Ra4xe4
27.Rd1d3 Re4c4
28.Be3f2 e4
29.Rd3xb3 Rb8xb3
30.Rf3xb3 d5
31.Kf1 d4
32.Ke1 Bf8g7
33.Rb3b4 Rc4xb4
34.axb4 Kf8
35.b5 Ke8
36.Bf2g3 Kd7
37.b6 Kc6
38.Bg3c7 d3
39.Kd2 Bg7xb2
{ resign }
0-1

[Event "Tourn. n8370"]
[Site "www.chess-mail.com"]
[Date "2015.09.24"]
[Round "1"]
[White "Sfalcao"]
[Black "Chtoubidou"]
[WhiteElo "1920"]
[BlackElo "1970"]
[Result "1-0"]
[Round "1"]
1.e4 d5
2.exd5 Qd8xd5
3.Nb1c3 Qd5a5
4.d4 Ng8f6
5.Ng1f3 c6
6.Bf1c4 Bc8f5
7.Bc1d2 Qa5c7
8.Nf3e5 e6
9.g4 Bf5g6
10.Qd1e2 Bg6xc2
11.Bd2f4 b5
12.Qe2xc2 bxc4
13.Ne5g6 hxg6
14.Bf4xc7 { resign }
1-0

[Event "Tourn. n8378"]
[Site "www.chess-mail.com"]
[Date "2015.09.24"]
[Round "1"]
[White "Ditto"]
[Black "Louis"]
[WhiteElo "1830"]
[BlackElo "1850"]
[Result "1-0"]
[Round "1"]
1.e4 f6
2.Nb1c3 e6
3.Bf1c4 Nb8c6
4.d4 Bf8b4
5.Bc1d2 Nc6xd4
6.Ng1f3 Nd4xf3
7.Qd1xf3 Ng8e7
8.O-O Ne7g6
9.a3 Ng6e5
10.Bc4b3 { resign }
1-0

[Event "Tourn. n8355"]
[Site "www.chess-mail.com"]
[Date "2015.09.24"]
[Round "1"]
[White "Bojan"]
[Black "Panamski"]
[WhiteElo "1930"]
[BlackElo "2090"]
[Result "1/2-1/2"]
[Round "1"]
1.Ng1f3 d5
2.d4 Ng8f6
3.Nb1c3 Nb8c6
4.Nf3e5 e6
5.a3 Nc6xe5
6.dxe5 Nf6d7
7.f4 c5
8.e3 Qd8b6
9.Qd1f3 a6
10.Bf1e2 g6
11.O-O Qb6c6
12.Qf3g4 h5
13.Qg4g3 b5
14.Be2f3 Bc8b7
15.Nc3a2 Qc6b6
16.Bc1d2 Bf8e7
17.b4 Ra8c8
18.c3 Nd7b8
19.Na2c1 Qb6d8
20.Nc1b3 c4
21.Nb3d4 Nb8c6
22.Qg3f2 Nc6xd4
23.exd4 Bb7c6
24.Bf3d1 h4
25.h3 Rc8a8
26.Qf2f3 Kd7
27.Bd1c2 Qd8g8
28.Kh2 Qg8h7
29.Qf3g4 Qh7h5
30.Bc2d1 Qh5xg4
31.hxg4 a5
32.Bd1c2 a4
33.f5 gxf5
34.gxf5 Ra8g8
35.Ra1e1 Be7g5
36.fxe6 fxe6
37.Bd2xg5 Rg8xg5
38.Rf1f2 Ke7
39.Re1e3 Bc6e8
40.Re3f3 Be8h5
41.Rf3f4 h3
42.Rf4h4 hxg2
43.Kg1 Rh8g8
44.Rh4h3 Bh5g6
45.Bc2xg6 Rg5xg6
46.Rh3h2 Rg6g3
47.Rh2xg2 Rg3xg2
48.Rf2xg2 Rg8xg2
49.Kxg2 { draw }
1/2-1/2

[Event "Tourn. n8378"]
[Site "www.chess-mail.com"]
[Date "2015.09.24"]
[Round "1"]
[White "Ditto"]
[Black "Caspito"]
[WhiteElo "1830"]
[BlackElo "1750"]
[Result "0-1"]
[Round "1"]
1.e4 e5
2.Ng1f3 Nb8c6
3.Bf1c4 Qd8f6
4.d3 a6
5.Bc1g5 Qf6g6
6.Nb1c3 Bf8b4
7.O-O Ng8e7
8.Nc3d5 Ne7xd5
9.Bc4xd5 d6
10.c3 Bb4c5
11.Qd1d2 O-O
12.Nf3h4 Qg6h5
13.Nh4f3 Bc8h3
14.b4 Bh3xg2
15.Rf1e1 Bg2xf3
16.bxc5 Qh5g4
{ resign }
0-1

[Event "Tourn. n8384"]
[Site "www.chess-mail.com"]
[Date "2015.09.24"]
[Round "1"]
[White "Vasylpuzanov"]
[Black "Norlavuaram"]
[WhiteElo "2290"]
[BlackElo "2100"]
[Result "0-1"]
[Round "1"]
1.e4 e5
2.Ng1f3 Nb8c6
3.Bf1b5 Ng8f6
4.Nb1c3 d6
5.d4 exd4
6.Nf3xd4 Bc8d7
7.Nd4xc6 bxc6
8.Bb5c4 Bf8e7
9.O-O O-O
10.f4 { time. }
0-1